|
|
|
|
| LEADER |
00000naa2a2200000 4500 |
| 001 |
620410 |
| 005 |
20250507133350.0 |
| 035 |
|
|
|a (RuTPU)RU\TPU\conf\18896
|
| 035 |
|
|
|a RU\TPU\conf\18889
|
| 090 |
|
|
|a 620410
|
| 100 |
|
|
|a 20160926d2016 k y0rusy50 ca
|
| 101 |
0 |
|
|a rus
|
| 102 |
|
|
|a RU
|
| 105 |
|
|
|a y z 101zy
|
| 135 |
|
|
|a drgn ---uucaa
|
| 181 |
|
0 |
|a i
|
| 182 |
|
0 |
|a b
|
| 200 |
1 |
|
|a Комплексная плазменная утилизация отходов переработки отработавшего ядерного топлива
|f Т. Е. Пироженко
|g науч. рук. А. Г. Каренгин
|
| 203 |
|
|
|a Текст
|c электронный
|
| 225 |
1 |
|
|a Технологии утилизации и хранения отходов изотопных производств
|
| 300 |
|
|
|a Заглавие с титульного экрана
|
| 320 |
|
|
|a [Библиогр.: с. 37 (2 назв.)]
|
| 463 |
|
0 |
|0 (RuTPU)RU\TPU\conf\18744
|t Изотопы: технологии, материалы и применение
|o материалы III Международной научной конференции молодых ученых, аспирантов и студентов, г.Томск, 19-23 сентября 2016 г.
|f Национальный исследовательский Томский политехнический университет (ТПУ)
|v [С. 37]
|d 2016
|
| 610 |
1 |
|
|a труды учёных ТПУ
|
| 610 |
1 |
|
|a электронный ресурс
|
| 610 |
1 |
|
|a плазменная утилизация
|
| 610 |
1 |
|
|a утилизация
|
| 610 |
1 |
|
|a отходы
|
| 610 |
1 |
|
|a отработавшее ядерное топливо
|
| 610 |
1 |
|
|a ОЯТ
|
| 610 |
1 |
|
|a уран
|
| 610 |
1 |
|
|a плутоний
|
| 610 |
1 |
|
|a плазменная технология
|
| 610 |
1 |
|
|a замкнутый топливный цикл
|
| 700 |
|
1 |
|a Пироженко
|b Т. Е.
|
| 702 |
|
1 |
|a Каренгин
|b А. Г.
|c физик
|c доцент Томского политехнического университета, кандидат физико-математических наук
|f 1950-
|g Александр Григорьевич
|4 727
|
| 712 |
0 |
2 |
|a Национальный исследовательский Томский политехнический университет
|c (2009- )
|9 26305
|
| 801 |
|
2 |
|a RU
|b 63413507
|c 20160930
|g RCR
|
| 850 |
|
|
|a 63413507
|
| 856 |
4 |
|
|u http://earchive.tpu.ru/handle/11683/32456
|
| 942 |
|
|
|c BK
|